The garnet bracelet, and other stories / (Record no. 159224)
[ view plain ]
| 000 -LEADER | |
|---|---|
| fixed length control field | 00864cam4a220019300 4500 |
| 001 - CONTROL NUMBER | |
| control field | qce00031134 |
| 005 - DATE AND TIME OF LATEST TRANSACTION | |
| control field | 20190826090509.0 |
| 008 - FIXED-LENGTH DATA ELEMENTS--GENERAL INFORMATION | |
| fixed length control field | 770808s1976 ru 000 0 eng d |
| 035 ## - SYSTEM CONTROL NUMBER | |
| System control number | (Sirsi) r16264 |
| 035 ## - SYSTEM CONTROL NUMBER | |
| System control number | (QCAT)lss01678014 |
| 035 ## - SYSTEM CONTROL NUMBER | |
| System control number | (UPRA)qce00031134 |
| 040 ## - CATALOGING SOURCE | |
| Modifying agency | UPRA |
| 100 1# - MAIN ENTRY--PERSONAL NAME | |
| Personal name | Kuprin, A. I. (Aleksandr Ivanovich), 1870-1938. |
| Fuller form of name | Kuprin, A. I. (Aleksandr Ivanovich), 1870-1938. |
| Dates associated with a name | Kuprin, A. I. (Aleksandr Ivanovich), 1870-1938. |
| Linkage | A73600.1 |
| 245 14 - TITLE STATEMENT | |
| Title | The garnet bracelet, and other stories / |
| Statement of responsibility, etc. | Alexander Kuprin ; [translated from the Russian by Stepan Apresyan]. |
| 260 ## - PUBLICATION, DISTRIBUTION, ETC. | |
| Place of publication, distribution, etc. | Moscow : |
| Name of publisher, distributor, etc. | Foreign Languages Pub. House, |
| Date of publication, distribution, etc. | [1976?]. |
| 505 0# - FORMATTED CONTENTS NOTE | |
| Formatted contents note | Molosh -- Olesya -- Night duty -- The white people -- I was an actor -- The gambrinus -- Emerald -- The garnet bracelet. |
| 949 ## - LOCAL PROCESSING INFORMATION (OCLC) | |
| a | PG3467.K8 |
| w | lcc |
| i | -11199 |
| m | MAIN |
| t | BOOK |
| l | ON-SHELF |
No items available.